| 000 | 00836nmc a2200313 a 4500 | ||
|---|---|---|---|
| 003 | AR-BaBNM | ||
| 005 | 20251128211550.0 | ||
| 008 | 304120s1998 ||||||||||||||000 | spa|| | ||
| 020 | _a950-581-651-0 | ||
| 040 | _cAR-BaBNM | ||
| 100 | 1 | _aRoldán, Gustavo | |
| 245 | 1 | 0 |
_aTiempo de pícaros _bversión libre de cuentos populares |
| 250 | _a1ª ed. | ||
| 260 |
_aBuenos Aires _bColihue _c1998 |
||
| 300 | 0 |
_a91 p. _bil. |
|
| 490 | 0 | _aPajaritos en bandadas | |
| 650 | 4 | _aLIBROS PARA NINOS | |
| 650 | 4 | _aCUENTOS FOLKLORICOS | |
| 650 | 4 | _aTRADICION ORAL | |
| 650 | 4 | _aLITERATURA ARGENTINA | |
| 650 | 4 | _aLITERATURA POPULAR | |
| 653 | 0 | _aLITERATURA JUVENIL | |
| 655 | _aLITERATURA | ||
| 700 | 1 |
_aFortin, Raúl _eilustrador |
|
| 800 | 1 | _aDevetach, Laura | |
| 800 | 1 | _aRoldán, Gustavo | |
| 942 | _cBK | ||
| 998 | _cEugenia | ||
| 999 |
_c20210 _d20210 |
||